000 00994nam a2200277 a 4500
005 20200104041544.0
008 140312b1998 ck ||||| |||| 00| 0 spa d
040 _aCO-BoIAVH
_cCO-BoIAVH
041 _aspa
044 _ack
090 _aIAVH
_b01630
100 1 _aParra, Carlos
_920912
245 1 _aEstudio de pre factibilidad de la producción de velas a partir de los frutos del árbol de laurel (Myrica pubescens Willd.) en la vereda de Patios, municipio de Encino, departamento de Santander (Colombia)
260 _aBogotá
_bInstituto Alexander von Humboldt
_bFundación Natura
_bFes
_c1998
300 _a30 paginas
650 1 4 _aPlantas útiles
_973105
650 1 4 _aEspecies promisorias
_94674
650 1 4 _aCera vegetal
_920914
650 1 4 _aUso sostenible
_9344
650 1 4 _aVelas artesanales
_920916
662 _aColombia
_cVereda Patios
_dEncino
_bSantander
700 _aRamos, Aurelio
_94392
700 _aVargas, Nancy
_91323
942 _cINFORME
_2z
945 _d2004-05-26
999 _c3869
_d3869